<?xml version="1.0" encoding="UTF-8"?>
<record
    xmlns:xsi="http://www.w3.org/2001/XMLSchema-instance"
    xsi:schemaLocation="http://www.loc.gov/MARC21/slim http://www.loc.gov/standards/marcxml/schema/MARC21slim.xsd"
    xmlns="http://www.loc.gov/MARC21/slim">

  <leader>01928nam a22002297a 4500</leader>
  <controlfield tag="005">20221220140552.0</controlfield>
  <controlfield tag="008">221220b           ||||| |||| 00| 0 eng d</controlfield>
  <datafield tag="020" ind1=" " ind2=" ">
    <subfield code="a">093286354X</subfield>
  </datafield>
  <datafield tag="040" ind1=" " ind2=" ">
    <subfield code="c">AL</subfield>
  </datafield>
  <datafield tag="041" ind1=" " ind2=" ">
    <subfield code="a">English</subfield>
  </datafield>
  <datafield tag="082" ind1=" " ind2=" ">
    <subfield code="2">23</subfield>
    <subfield code="a">306.20973</subfield>
    <subfield code="b">PETR</subfield>
  </datafield>
  <datafield tag="100" ind1=" " ind2=" ">
    <subfield code="a">James Petras</subfield>
    <subfield code="9">66971</subfield>
  </datafield>
  <datafield tag="245" ind1=" " ind2=" ">
    <subfield code="a">Rulers and Ruled in the US Empire: Bankers Zionists and Militants</subfield>
  </datafield>
  <datafield tag="260" ind1=" " ind2=" ">
    <subfield code="a">Atlanta</subfield>
    <subfield code="b">Clarity Press Inc</subfield>
    <subfield code="c">2007</subfield>
  </datafield>
  <datafield tag="300" ind1=" " ind2=" ">
    <subfield code="a">262 p.</subfield>
    <subfield code="b">PB</subfield>
    <subfield code="c">23x15 cm.</subfield>
  </datafield>
  <datafield tag="520" ind1=" " ind2=" ">
    <subfield code="a">This book provides a comprehensive guide to the systemic dimensions of the US empire. Petras elaborates the changes within the US ruling class, as its manufacturing sector declines and gives way to the ascendancy of finance capital, illustrated by its dominance of both the US economy, and the parameters for political debate on the US role in the world economy (globalization, trade liberalization). He elaborates the contradictions in current immigration/trade liberalization policies, and how these work toward forcing the displacement of peoples, and furthering the underdevelopment of third world countries. He outlines how the world capitalist system is laced together in an intricate hierarchy where the US pulls most of the strings, even outside its ostensible area of dominance. The role of corruption in securing world markets is addressed, as are the reasons for the spectacular global growth in new billionaires. The role of the Zionist Lobby in America is examined as it relates to the catastrophic wars in Iraq and Lebanon, and the threat of a further attack on Iran. Petras sheds light on the actual status of contemporary resistance to US hegemony within China, Latin America, and the Middle East.</subfield>
  </datafield>
  <datafield tag="650" ind1=" " ind2=" ">
    <subfield code="a">Elite (Social sciences)--United States</subfield>
    <subfield code="9">66972</subfield>
  </datafield>
  <datafield tag="650" ind1=" " ind2=" ">
    <subfield code="a">Power (Social sciences)--United States</subfield>
    <subfield code="9">66973</subfield>
  </datafield>
  <datafield tag="650" ind1=" " ind2=" ">
    <subfield code="a">United States--Politics and government</subfield>
    <subfield code="9">66974</subfield>
  </datafield>
  <datafield tag="700" ind1=" " ind2=" ">
    <subfield code="a">PETRAS (James)</subfield>
    <subfield code="9">66975</subfield>
  </datafield>
  <datafield tag="942" ind1=" " ind2=" ">
    <subfield code="2">ddc</subfield>
    <subfield code="c">DB</subfield>
  </datafield>
  <datafield tag="999" ind1=" " ind2=" ">
    <subfield code="c">225957</subfield>
    <subfield code="d">225957</subfield>
  </datafield>
  <datafield tag="952" ind1=" " ind2=" ">
    <subfield code="0">0</subfield>
    <subfield code="1">0</subfield>
    <subfield code="2">ddc</subfield>
    <subfield code="4">0</subfield>
    <subfield code="7">0</subfield>
    <subfield code="8">SOC</subfield>
    <subfield code="a">AL</subfield>
    <subfield code="b">AL</subfield>
    <subfield code="d">2014-11-29</subfield>
    <subfield code="l">0</subfield>
    <subfield code="o">306.20973 PETR</subfield>
    <subfield code="p">D05350</subfield>
    <subfield code="r">2022-12-20 00:00:00</subfield>
    <subfield code="w">2022-12-20</subfield>
    <subfield code="y">DB</subfield>
    <subfield code="z">Donated by V. T. Rajshekar</subfield>
  </datafield>
</record>
